1619 1011 1031 1916 1890 1461 1378 1639 1429 1265 1744 1749 1926 1259 1753 1743 1719 1880 1828 1054 1748 1846 1986 1065 1733 1673 1197 1379 1455 1917 1100 1580 1415 1570 1254 1960 1140 1129 1290 1540 1525 1500 1634 1846 1516 1297 1423 1437 1337 1079 1633 1594 1846 1900 1918 1159 1652 1164 1539 1375 1774 1673 1550 1033 1117 1478 1153 1525 1795 1135 1865 1154 1955 1803 1329 1549 1851 1298 1331 1286 1446 1199 1836 1599 1149 1342 1028 1530 1816 1476 1510 1247 1246 1761 1878 1025 1812 1924 1950 BCNSPRNW ULIB Ver.6.0+V

เปลี่ยนเป็นภาษาไทย

Change to English
 แสดงรายละเอียดบรรณานุกรม
  กลับหน้าหลัก

Brief Record : Get Marc (ISO 2709) : E-mail record : QR code < ปิดหน้าต่าง
LEADER : 00000nam 2200000uu 4500
001    13399108812
003     ULIB
008    110315s2545||||th 000 0 tha d
020    9742944938
060  4 WY105^bก285น 2545
100 0  กฤษดา แสวงดี
110 1  กระทรวงสาธารณสุข.^bกองการพยาบาล
245 00 แนวทางการจัดอัตรากำลังทางการพยาบาล^cกฤษดา แสวงดี
260    นนทบุรี:^bโรงพิมพ์องค์การรับส่งสินค้าและพัสดุภัณฑ์,^c2545
300    81 หน้า:^bตาราง
650  7 พยาบาล
650  7 การพยาบาล
650  7 อัตรากำลังทางการพยาบาล
710 1  กระทรวงสาธารณสุข.^bกองการพยาบาล
945    ^p0^l0^i014595
945    ^p0^l0^i014594
945    ^p0^l0^i014593
995    เกษร
999 ^a ใช้งานได้ทุกระบบ
รายการนี้ยังไม่มีแท็ก
คุณยังไม่ได้ล็อกอิน คุณสามารถมีกิจกรรมร่วมกับเว็บไซต์ได้ แต่ต้องล็อกอินก่อน ::
  ล็อกอิน

รายการสื่อสารสนเทศ

ลำดับที่ ประเภท เลขเรียก/บาร์โค้ด สถานที่ สถานะ
- ไม่พบข้อมูล -

รายการใกล้เคียง
    ผู้แต่ง [กฤษดา แสวงดี]

    หัวเรื่อง [พยาบาล]
    หัวเรื่อง [การพยาบาล]
    หัวเรื่อง [อัตรากำลังทางการพยาบาล]

BibComment


ยังไม่เคยถูกคอมเมนท์

คอมเมนท์ทรัพยากรรายการนี้
  คอมเมนท์: แนวทางการจัดอัตรา..


 Copyright 2026. Bcnsprnw @Library